Flags of the Lesser Antilles - Statistics

General Stats
  • This quiz has been taken 112 times
  • The average score is 7 of 8
Answer Stats
Picture Answer % Correct
Barbados
99%
St Lucia
95%
Antigua and Barbuda
94%
Dominica
91%
Grenada
91%
St Vincent and the Grenadines
90%
Trinidad and Tobago
87%
St Kitts and Nevis
84%
No matching quizzes found
Score Distribution
Percent of People with Each Score
Percentile by Number Answered
Your Score History
You have not taken this quiz